Medicine and Literature:the doctor's companion to the classics (Record no. 4242)

MARC details
000 -LEADER
fixed length control field 00578nam a22002177a 4500
003 - CONTROL NUMBER IDENTIFIER
control field OSt
005 - DATE AND TIME OF LATEST TRANSACTION
control field 20160530190751.0
008 - FIXED-LENGTH DATA ELEMENTS--GENERAL INFORMATION
fixed length control field 160530b xxu||||| |||| 00| 0 eng d
020 ## - INTERNATIONAL STANDARD BOOK NUMBER
International Standard Book Number 1857758307
040 ## - CATALOGING SOURCE
Transcribing agency DNLM
082 ## - DEWEY DECIMAL CLASSIFICATION NUMBER
Classification number WB120 S33m 2004
100 ## - MAIN ENTRY--PERSONAL NAME
Personal name Salinsky, John
9 (RLIN) 9139
245 ## - TITLE STATEMENT
Title Medicine and Literature:the doctor's companion to the classics
250 ## - EDITION STATEMENT
Edition statement Vol.2
260 ## - PUBLICATION, DISTRIBUTION, ETC. (IMPRINT)
Place of publication, distribution, etc. UK; Radcliffe Medical Press, 2004
300 ## - PHYSICAL DESCRIPTION
Extent x,281p; ill: 24cm
505 ## - FORMATTED CONTENTS NOTE
Formatted contents note Index included
650 ## - SUBJECT ADDED ENTRY--TOPICAL TERM
Topical term or geographic name as entry element Medicine
9 (RLIN) 324
651 ## - SUBJECT ADDED ENTRY--GEOGRAPHIC NAME
Geographic name Doctor's guide
9 (RLIN) 9140
942 ## - ADDED ENTRY ELEMENTS (KOHA)
Source of classification or shelving scheme Other/Generic Classification Scheme
Koha item type Open Shelf
Holdings
Withdrawn status Lost status Source of classification or shelving scheme Damaged status Not for loan Home library Current library Date acquired Source of acquisition Inventory number Total Checkouts Full call number Barcode Date last seen Price effective from Koha item type
    Other/Generic Classification Scheme     MUST Main Library MUST Main Library 15/07/2016   05/23361   WB120 S33m 2004 2016-3217 15/07/2016 15/07/2016 Open Shelf